000 00496nam a22001697a 4500
003 PILC
005 20150112093446.0
008 130227t xxu||||| |||| 00| 0 eng d
020 _a9814058815
050 _aTS 155
_b.H473 2001
082 _aG 658.521
_bH36 2001
100 _aHeizer, Jay
_919219
245 _aOperations management /
_cJay Heizer and Barry Render
260 _a (Upper Saddle River, N.J. :)
_b Prentice Hall
_c2001.
300 _a824 pages :
_b ill. ;
_c26 cm.
942 _2lcc
_cBK
999 _c14904
_d14904